| 000 | 00719nam a2200205 a 4500 | ||
|---|---|---|---|
| 001 | 0679 | ||
| 005 | 20140414132146.0 | ||
| 008 | 040927s19uu xx 00 eng d | ||
| 020 | _a0-987-0-439-04591-9 | ||
| 050 |
_aKIT(LCER) 702.8 _bC16 1999 |
||
| 100 | _aCanizares, Susan | ||
| 245 |
_aWhat do artists use? / _cSusan Canizares, Samantha Berger. |
||
| 260 |
_aNew York : _bScholastic, _c1999. |
||
| 300 | _a1 v. (unp.) : ill. ; cm. | ||
| 440 | _aLearning center emergent readers | ||
| 520 | _aSimple text and photographs introduce the materials artists use to create their work, including paint chalk and thread. | ||
| 650 |
_aArtist's materials _xJuvenile literature. |
||
| 999 |
_c115436 _d115436 |
||